|
|
|
|
| LEADER |
00000nam0a2200000 4500 |
| 001 |
207358 |
| 005 |
20231101225409.0 |
| 010 |
|
|
|a 9785425202529
|
| 035 |
|
|
|a (RuTPU)RU\TPU\book\226176
|
| 035 |
|
|
|a RU\TPU\book\40066
|
| 035 |
|
|
|a RU\TPU\book\184428
|
| 090 |
|
|
|a 207358
|
| 100 |
|
|
|a 20091119d2011 m y0rusy50 ca
|
| 101 |
0 |
|
|a rus
|
| 102 |
|
|
|a RU
|
| 105 |
|
|
|a y j 000zy
|
| 200 |
1 |
|
|a Международные стандарты финансовой отчетности
|e учебное пособие
|f Т. В. Шишкова, Е. А. Козельцева
|
| 205 |
|
|
|a 2-е изд., перераб. и доп.
|
| 210 |
|
|
|a Москва
|c Рид Групп
|d 2011
|
| 215 |
|
|
|a 319 с.
|
| 225 |
1 |
|
|a Полный курс МВА
|
| 225 |
1 |
|
|a Российское бизнес-образование
|
| 330 |
|
|
|a Вниманию читателей предлагается учебник, который позволит быстро понять сущность международных стандартов финансовой отчетности (МСФО) и правила их практического приложения. В этом помогут и решения многочисленных реальных задач, приведенных в тексте. Уникальность учебника заключается в том, что можно использовать все три его раздела вместе, а можно изучать их в отдельности, например взять только иллюстративный материал для ускоренной подготовки к зачетам и экзаменам. Авторы прокомментировали все изменения МСФО, произошедшие за последние 20 лет, и учли современную зарубежную практику применения международных стандартов. В приложениях даны перечни МСФО и их интерпретаций, формы представления финансовой отчетности по МСФО, а также план счетов на примере предприятия малого бизнеса.
|
| 606 |
1 |
|
|a Финансовая отчетность
|2 stltpush
|3 (RuTPU)RU\TPU\subj\67530
|9 83288
|
| 610 |
1 |
|
|a экономика
|
| 610 |
1 |
|
|a финансы
|
| 610 |
1 |
|
|a бухгалтерский учет
|
| 610 |
1 |
|
|a финансовая отчетность
|
| 610 |
1 |
|
|a финансовый учет
|
| 610 |
1 |
|
|a международные стандарты
|
| 610 |
1 |
|
|a учебные пособия
|
| 675 |
|
|
|a 657.6(075.8)
|v 3
|
| 700 |
|
1 |
|a Шишкова
|b Т. В.
|g Татьяна Владимировна
|
| 701 |
|
1 |
|a Козельцева
|b Е. А.
|g Елена Андреевна
|
| 801 |
|
1 |
|a RU
|b 63413507
|c 20120124
|
| 801 |
|
2 |
|a RU
|b 63413507
|c 20150707
|g RCR
|
| 900 |
|
|
|a Международные стандарты учета и финансовой отчетности
|
| 942 |
|
|
|c BK
|
| 959 |
|
|
|a 2/20120123
|d 2
|e 0,00
|f ЧЗГЛ:1
|f АНЛ:1
|